Proyecto cooperativo de conservación y recuperación de la flora y fauna del valle geográfico del río Cauca (Registro nro. 9900)
[ vista simple ]
| 000 -CABECERA | |
|---|---|
| Campo de control | 006900000a22001930004500 |
| 090 ## - CLASIFICACIÓN LOCAL | |
| Colección | AR |
| Consecutivo | 00810 |
| 041 0# - IDIOMA | |
| Código de idioma para texto/pista de sonido o título separado | |
| 110 1# - ASIENTO PRINCIPAL--NOMBRE CORPORATIVO | |
| Nombre corporativo o de jurisdicción como elemento de entrada | Universidad del Valle |
| 245 10 - MENCION DE TITULO | |
| Título | Proyecto cooperativo de conservación y recuperación de la flora y fauna del valle geográfico del río Cauca |
| 650 14 - ASIENTO SECUNDARIO DE MATERIA - TERMINO TEMATICO | |
| Término temático o nombre geográfico como elemento de entrada | Proyectos de conservación |
| 650 14 - ASIENTO SECUNDARIO DE MATERIA - TERMINO TEMATICO | |
| Término temático o nombre geográfico como elemento de entrada | Participación comunitaria |
| 650 14 - ASIENTO SECUNDARIO DE MATERIA - TERMINO TEMATICO | |
| Término temático o nombre geográfico como elemento de entrada | Educación ambiental |
| 650 14 - ASIENTO SECUNDARIO DE MATERIA - TERMINO TEMATICO | |
| Término temático o nombre geográfico como elemento de entrada | Reforestación |
| 651 #4 - ASIENTO SECUNDARIO DE MATERIA - NOMBRE GEOGRAFICO | |
| -- | Río Cauca |
| -- | Colombia |
| 710 1# - ASIENTO SECUNDARIO - NOMBRE CORPORATIVO | |
| Nombre corporativo o de jurisdicción como elemento de entrada | Fundación Ecovivero |
| 710 1# - ASIENTO SECUNDARIO - NOMBRE CORPORATIVO | |
| Nombre corporativo o de jurisdicción como elemento de entrada | Corporación Autónoma Regional del Valle del Cauca |
| Version | CVC |
| 773 1# - Item fuente: | |
| Título | ASOCAÑA |
| Especificación de materiales | 306 |
| Paginas del Articulo | 1-6 |
| Lugar, editorial y fecha de publicación | 1994 |
| 942 ## - ELEMENTOS ADICIONALES (KOHA) | |
| Tipo de ítem | Artículo |
| Withdrawn status | Lost status | Damaged status | No para préstamo | Colección | Ubicación Permanente | Ubicación actual | Fecha de adquisición | Fuente de Valor | Datos de publicación Seriada | Total Checkouts | Número topográfico | Inventario / Código de Barras | Date last seen | Ejemplar | Price effective from | Forma de adquisición | Tipo de material |
|---|---|---|---|---|---|---|---|---|---|---|---|---|---|---|---|---|---|
| No para Préstamo | Hemeroteca | Bogotá | Bogotá | 27/02/2015 | Ramírez, Claudia Carolina | Fuera de circulación | AR 00810 | 011132 | 25/03/2015 | 1 | 25/03/2015 | Artículo | |||||
| No para Préstamo | Hemeroteca | Bogotá | Bogotá | 27/02/2015 | Ramírez, Claudia Carolina | Fuera de circulación | AR 00810 | 011133 | 25/03/2015 | 2 | 25/03/2015 | Artículo |